Loading...
| Science - Biology | 0 | 3 | 0 | 1 | 30 | 88 | 101.33 | 0 | 1 | 4.91 | 17.05 |
| History - World | 0 | 3 | 1 | 1 | 25 | 105 | 120.00 | 0 | 0 | 1.91 | 6.25 |
| Literature - British | 0 | 2 | 0 | 0 | 20 | 102 | 104.50 | 0 | 0 | 5.00 | 9.09 |
| History - American | 0 | 2 | 0 | 1 | 20 | 104 | 119.50 | 0 | 0 | 1.94 | 3.41 |
| History - European | 0 | 2 | 0 | 0 | 20 | 96 | 99.00 | 0 | 1 | 4.85 | 9.09 |
| Current Events | 0 | 1 | 0 | 0 | 10 | 74 | 74.00 | 0 | 1 | 37.29 | 62.50 |
| Fine Arts - Other | 0 | 1 | 0 | 0 | 10 | 126 | 126.00 | 0 | 0 | 1.51 | 2.27 |
| Philosophy | 0 | 1 | 0 | 1 | 10 | 138 | 138.00 | 0 | 0 | 0.32 | 5.68 |
| Religion | 0 | 1 | 0 | 0 | 10 | 113 | 113.00 | 0 | 0 | 1.31 | 6.25 |
| Social Science | 0 | 1 | 0 | 0 | 10 | 106 | 106.00 | 0 | 1 | 1.24 | 6.25 |
| Mythology | 0 | 1 | 0 | 0 | 10 | 132 | 132.00 | 0 | 1 | 1.37 | 6.25 |
| History - Other | 0 | 1 | 1 | 1 | 5 | 135 | 135.00 | 0 | 0 | 0.43 | 6.25 |
| Literature - World | 0 | 0 | 0 | 0 | 0 | 0.00 | 0 | 0 | 0.00 | 0.00 | |
| Pop Culture | 0 | 0 | 2 | 0 | -10 | 0.00 | 0 | 0 | 0.00 | 0.00 |